Accounting approach and multisectoral modelling
Gespeichert in:
| 1. Verfasser: | |
|---|---|
| Format: | Buch |
| Sprache: | Englisch |
| Veröffentlicht: |
Wien
Institut für Höhere Studien
1984
|
| Schriftenreihe: | Forschungsbericht/Research Memorandum
No. 204 |
| Tags: |
Keine Tags, Fügen Sie das erste Tag hinzu!
|
MARC
| LEADER | 00000nam a2200000 4500 | ||
|---|---|---|---|
| 001 | c106737 | ||
| 005 | 20210819121634.5 | ||
| 041 | 0 | |a eng | |
| 044 | |a AT | ||
| 245 | 1 | 0 | |a Accounting approach and multisectoral modelling |c Lionello F. Punzo |
| 264 | 1 | |a Wien |b Institut für Höhere Studien |c 1984 | |
| 300 | |a 29 s. | ||
| 490 | 1 | |a Forschungsbericht/Research Memorandum |v No. 204 | |
| 830 | 0 | |a Forschungsbericht/Research Memorandum |v No. 204 | |
| 100 | 1 | |a Punzo, Lionello F. | |